| 000 | 00445nam a2200145Ia 4500 | ||
|---|---|---|---|
| 008 | 150121s9999 xx 000 0 und d | ||
| 020 | _a1908-3122 | ||
| 245 |
_aCollege of Nursing Faculty Research Journal / _h[electronic resource] |
||
| 260 |
_bDavao Doctors College, _c2010. |
||
| 516 | _aElectronic text | ||
| 650 | _aNursing. | ||
| 830 | _aPhilippine E-Journals | ||
| 856 | _uhttp://www.ejournals.ph/index.php?journal=CNFRJ | ||
| 942 | _cEJ | ||
| 999 |
_c277001 _d277001 |
||